[Event "Winters "]
[Site "SchemingMind.com"]
[Date "2023.02.14"]
[Round "-"]
[White "Clive Everill"]
[Black "Stephen Dunning"]
[Result "1-0"]
[WhiteCountry "CZE"]
[BlackCountry "WLS"]
[WhiteElo "1708"]
[WhiteRD "56"]
[BlackElo "1837"]
[BlackRD "80"]
[GameID "731439"]

1. Nf3 d5 2. b3 Bg4 3. e3 e5 4. h3 Bxf3 5. Qxf3 Nc6 6. Bb5 Ne7 7. Ba3 a6 8. Bxc6+ Nxc6 9. Bxf8 Rxf8 10. Nc3 d4
11. Ne4 Qd5 12. Nf6+
1-0

[Event "Winters "]
[Site "SchemingMind.com"]
[Date "2023.02.15"]
[Round "-"]
[White "Stephen Dunning"]
[Black "Clive Everill"]
[Result "1-0"]
[WhiteCountry "WLS"]
[BlackCountry "CZE"]
[WhiteElo "1889"]
[WhiteRD "71"]
[BlackElo "1675"]
[BlackRD "55"]
[GameID "731440"]

1. c4 Nf6 2. Nf3 b6 3. d4 Bb7 4. Nc3 e6 5. a3 d5 6. cxd5 Nxd5 7. Qc2 Nxc3 8. Qxc3 h6 9. e3 Nd7 10. Bb5 a6
11. Be2 Bd6 12. d5 O-O 13. dxe6 fxe6 14. O-O Nc5 15. b4 Ne4 16. Qc2 c5 17. Bd3 Nf6 18. Nh4 Bxh2+ 19. Kh1 Ng4 20. Bh7+ Kf7
21. Qg6+ Ke7 22. Qxg4 Rf6 23. Qxg7+ Ke8 24. Bg6+
1-0

[Event "Winters "]
[Site "SchemingMind.com"]
[Date "2023.02.14"]
[Round "-"]
[White "kenneth m day"]
[Black "Stephen Dunning"]
[Result "0-1"]
[WhiteCountry "USA"]
[BlackCountry "WLS"]
[WhiteElo "1697"]
[WhiteRD "63"]
[BlackElo "1927"]
[BlackRD "71"]
[GameID "731441"]

1. e4 c5 2. d4 cxd4 3. c3 dxc3 4. Nxc3 e6 5. Nf3 Nc6 6. Bc4 a6 7. O-O b5 8. Bb3 Bb7 9. Bf4 Na5 10. Bc2 Rc8
11. Re1 Bb4 12. Bd2 Nc4 13. Rb1 Nxb2 14. Rxb2 Bxc3 15. Bxc3 Rxc3 16. Qd4 Rc4 17. Qxg7 Qf6 18. Qxf6 Nxf6 19. e5 Bxf3 20. exf6 Rg8
21. g3 h5 22. Re3 Bd5 23. Kf1 h4 24. Bb3 Rc1+ 25. Re1 Bc4+ 26. Bxc4 Rxc4 27. Rd2 Rg6 28. Red1 d5 29. Re1 Kd7 30. Kg2 Rxf6
31. Ree2 Rg6 32. Rd1 hxg3 33. hxg3 Rg8 34. Rd3 Rgc8 35. Rdd2 a5 36. Rb2 b4 37. a3 Rb8 38. axb4 Rbxb4
0-1

[Event "Winters "]
[Site "SchemingMind.com"]
[Date "2023.02.14"]
[Round "-"]
[White "Stephen Dunning"]
[Black "kenneth m day"]
[Result "1-0"]
[WhiteCountry "WLS"]
[BlackCountry "USA"]
[WhiteElo "1888"]
[WhiteRD "69"]
[BlackElo "1682"]
[BlackRD "62"]
[GameID "731442"]

1. Nf3 Nf6 2. d4 d6 3. c4 g6 4. Nc3 Bg7 5. e4 O-O 6. h3 Nc6 7. Be3 Re8 8. d5 Ne5 9. Nxe5 dxe5 10. Be2 e6
11. O-O exd5 12. cxd5 a6 13. Rc1 Qd6 14. a3 c6 15. Qb3 cxd5 16. Nxd5 Nxd5 17. Rfd1 Qf6 18. Qxd5 Rb8 19. Ba7 Be6 20. Qd2 Ra8
21. Be3 Red8 22. Qb4 b5 23. Rxd8+ Rxd8 24. Rc6 Bf8 25. Qc3 Rd6 26. b4 Bd7 27. Rxd6 Bxd6 28. Qd2 Bc6 29. Bg5 Qe6 30. Bg4 Qe8
31. Qxd6 Bxe4 32. Bd7 Qf8 33. Qxe5 Bd3 34. Qf4 Qa8 35. Qd4 Be4 36. Bh6
1-0

[Event "Winters "]
[Site "SchemingMind.com"]
[Date "2023.02.14"]
[Round "-"]
[White "Arnold Jones"]
[Black "Stephen Dunning"]
[Result "0-1"]
[WhiteCountry "ENG"]
[BlackCountry "WLS"]
[WhiteElo "1604"]
[WhiteRD "57"]
[BlackElo "1889"]
[BlackRD "71"]
[GameID "731443"]

1. d4 Nf6 2. Nf3 d5 3. g3 c6 4. Bg2 Bf5 5. O-O e6 6. Bg5 Be7 7. Bxf6 Bxf6 8. Nbd2 O-O 9. c4 Qb6 10. c5 Qxb2
11. Qb3 Qxb3 12. Nxb3 Nd7 13. Nfd2 e5 14. dxe5 Bxe5 15. Rae1 Bc3 16. e4 dxe4 17. Bxe4 Bh3 18. Bg2 Bxg2 19. Kxg2 Bxd2 20. Re7 Nxc5
21. Nxc5 Bb4 22. Rxb7 Bxc5 23. Rc7 Rac8 24. Rxc8 Rxc8 25. Rc1 Bb6 26. Rd1 Rd8 27. Rxd8+ Bxd8 28. f4 f5 29. Kf3 Kf7 30. Ke2 Ke6
31. Kd3 Kd5 32. Kc2 c5 33. a4 Ba5 34. Kd1 Kd4 35. h3 h5
0-1

[Event "Winters "]
[Site "SchemingMind.com"]
[Date "2023.02.14"]
[Round "-"]
[White "Stephen Dunning"]
[Black "Arnold Jones"]
[Result "1-0"]
[WhiteCountry "WLS"]
[BlackCountry "ENG"]
[WhiteElo "1889"]
[WhiteRD "71"]
[BlackElo "1604"]
[BlackRD "57"]
[GameID "731444"]

1. e4 e6 2. d4 d6 3. Nc3 Be7 4. f4 c6 5. Nf3 Nf6 6. Bd3 O-O 7. O-O Qb6 8. b3 a5 9. a4 Qc7 10. e5 Nfd7
11. Ng5 Bxg5 12. fxg5 dxe5 13. Qh5 f5 14. gxf6 g6 15. f7+ Rxf7 16. Bxg6 Rxf1+ 17. Kxf1 Nf6 18. Qg5 hxg6 19. Qxf6 Qf7 20. dxe5 Nd7
21. Qxf7+ Kxf7 22. Bf4 Nc5 23. Ke2 b6 24. Rf1 Ba6+ 25. Ke1 Bxf1 26. Kxf1 Kg7 27. Ke2 Rf8 28. g3 Rxf4 29. gxf4 Kh6 30. Kf3 Kh5
31. Ne2 g5 32. fxg5 Kxg5 33. Nd4 Nd7 34. Nxe6+ Kf5 35. Nd4+ Kxe5 36. Nxc6+ Kd6 37. Nd4 Kd5 38. Nf5 Kc5 39. Ke3 Ne5 40. h4 Nf7
41. h5 Kd5 42. Kf4 Ke6 43. h6 Kf6 44. c3 Kg6 45. b4 axb4 46. cxb4 Nd8 47. a5 bxa5 48. bxa5 Ne6+ 49. Ke5 Nd8 50. a6 Kh7
51. Kd6 Nf7+ 52. Kc7 Nxh6 53. Nxh6 Kxh6 54. a7
1-0

[Event "Winters "]
[Site "SchemingMind.com"]
[Date "2023.02.12"]
[Round "-"]
[White "Kid A"]
[Black "abuteague"]
[Result "1-0"]
[WhiteCountry "FIN"]
[BlackCountry "USA"]
[WhiteElo "1843"]
[WhiteRD "89"]
[BlackElo "1693"]
[BlackRD "77"]
[GameID "731458"]

1. e4 d6 2. d4 Nf6 3. Nc3 c6 4. Nf3 Qa5 5. Bd2 e5 6. dxe5 dxe5 7. Bc4 b5 8. Nxb5 Qd8 9. Nxe5 cxb5 10. Bxf7+ Ke7
11. Bb4+
1-0

[Event "Winters "]
[Site "SchemingMind.com"]
[Date "2023.02.13"]
[Round "-"]
[White "Clive Everill"]
[Black "abuteague"]
[Result "1-0"]
[WhiteCountry "CZE"]
[BlackCountry "USA"]
[WhiteElo "1675"]
[WhiteRD "55"]
[BlackElo "1701"]
[BlackRD "75"]
[GameID "731462"]

1. Nf3 Nf6 2. g3 b6 3. d4 Bb7 4. c4 e6 5. Bg2 Be7 6. O-O O-O 7. Re1 d5 8. cxd5 Bxd5 9. Nc3 Bb7 10. e4 Bb4
11. Qc2 Bxc3 12. bxc3 Nbd7 13. Bg5 Qc8 14. Rac1 h6 15. Bd2 c5 16. Qb1 cxd4 17. cxd4 Qd8 18. Bb4 Re8 19. Nd2 Rb8 20. Bd6 Rc8
21. Nc4 Nf8 22. Be5 N8h7 23. Nd6 Rxc1 24. Rxc1 Re7 25. Nxb7 Rxb7 26. Bf4 Rd7 27. e5 Nd5 28. Be4 Nf8 29. Bd2 Kh8 30. f4 a6
31. f5 a5 32. fxe6 Nxe6 33. Bf5 Ne7 34. Bxe6 fxe6 35. Be3 Nd5 36. Bf2 g5 37. Qg6 Nb4 38. Qxh6+ Rh7 39. Qxe6 Rc7 40. Rxc7 Qxc7
41. d5 Qc1+ 42. Kg2 Nd3 43. Qh6+ Kg8 44. Qg6+
1-0

[Event "Winters "]
[Site "SchemingMind.com"]
[Date "2023.02.13"]
[Round "-"]
[White "kenneth m day"]
[Black "abuteague"]
[Result "1-0"]
[WhiteCountry "USA"]
[BlackCountry "USA"]
[WhiteElo "1679"]
[WhiteRD "60"]
[BlackElo "1701"]
[BlackRD "75"]
[GameID "731465"]

1. e4 e5 2. Nf3 Nc6 3. c3 Bc5 4. d4 exd4 5. cxd4 Bb4+ 6. Bd2 Bxd2+ 7. Qxd2 Nge7 8. Nc3 O-O 9. Bc4 a6 10. O-O-O b5
11. Bb3 b4 12. Ne2 a5 13. Bc2 a4 14. d5 b3 15. axb3 axb3 16. Bxb3 Na5 17. Ba2 Nb7 18. Kb1 Nd6 19. Nc3 Bb7 20. Qd3 Ra7
21. Ng5 Ng6 22. h4 Ne5 23. Qd4 Qa8 24. Qxe5 Nc4 25. Bxc4 d6 26. Qd4 Rb8 27. Kc2 Ba6 28. Ra1 Qb7 29. Rhb1 Bxc4 30. Rxa7 Qb3+
31. Kd2
1-0

[Event "Winters "]
[Site "SchemingMind.com"]
[Date "2023.02.13"]
[Round "-"]
[White "abuteague"]
[Black "Arnold Jones"]
[Result "1-0"]
[WhiteCountry "USA"]
[BlackCountry "ENG"]
[WhiteElo "1701"]
[WhiteRD "75"]
[BlackElo "1604"]
[BlackRD "57"]
[GameID "731466"]

1. d4 f5 2. Bg5 d5 3. e3 Nf6 4. Bxf6 exf6 5. Nf3 Bd6 6. Nc3 Be6 7. Bd3 O-O 8. O-O f4 9. exf4 Bxf4 10. g3 Bh3
11. Re1 Bh6 12. Bf1 Bxf1 13. Kxf1 Nc6 14. a3 Ne7 15. Re2 Qd7 16. Qe1 Ng6 17. b4 Rae8 18. Nxd5 Rxe2 19. Nxf6+ Rxf6 20. Qxe2 Rxf3
21. Qxf3 c6 22. Rd1 Qd5 23. Qxd5+ cxd5 24. Re1 Kf7 25. f4 Ne7 26. c3 b5 27. Kf2 g6 28. Kf3 Bg7 29. Ra1 Nc8 30. a4 bxa4
31. Rxa4 Ke7 32. Ra5 Ke6 33. g4 Bf8 34. h4 Bd6 35. Ra6 Kd7 36. f5 gxf5 37. gxf5 h6 38. Kg4 Bf8 39. Kh5 Ke8 40. Ra5 Nd6
41. Rxd5 Kf7 42. Ra5 Kf6 43. Rxa7 Nxf5 44. b5 Nd6 45. Ra6 Kf5 46. b6 Ke4 47. Ra8 Bg7 48. Rg8 Bf6 49. Rg6 Kf5 50. Rxf6+ Kxf6
51. c4
1-0

[Event "Winters "]
[Site "SchemingMind.com"]
[Date "2023.02.13"]
[Round "-"]
[White "Arnold Jones"]
[Black "abuteague"]
[Result "0-1"]
[WhiteCountry "ENG"]
[BlackCountry "USA"]
[WhiteElo "1604"]
[WhiteRD "57"]
[BlackElo "1701"]
[BlackRD "75"]
[GameID "731467"]

1. d4 d6 2. g3 Nf6 3. Bg2 c6 4. c4 e6 5. Nc3 Be7 6. Nf3 O-O 7. O-O d5 8. c5 b6 9. b4 bxc5 10. dxc5 Nbd7
11. Bf4 Ba6 12. a4 h6 13. Re1 Re8 14. e4 dxe4 15. Nd4 e5 16. Nxc6 Qc7 17. Nxe7+ Rxe7 18. Be3 Bd3 19. Qb3 Rb8 20. Nd5 Nxd5
21. Qxd5 Nf6 22. Qb3 Qa5 23. b5 Ng4 24. c6 Nxe3 25. fxe3 a6 26. Bf1 axb5 27. Bxd3 exd3 28. Qxd3 bxa4 29. Qd6 Qc7 30. Qxc7 Rxc7
31. Rec1 Rbc8 32. Rxa4 Rxc6 33. Rxc6 Rxc6 34. e4 f6 35. Ra2 Rc4 36. Re2 Kf7 37. Kg2 Ke6 38. g4 g6 39. Kh3 Rc3+ 40. Kh4 g5+
41. Kh5 Kf7 42. Kxh6 Rh3#
0-1

[Event "Winters "]
[Site "SchemingMind.com"]
[Date "2023.02.14"]
[Round "-"]
[White "abuteague"]
[Black "Stephen Dunning"]
[Result "0-1"]
[WhiteCountry "USA"]
[BlackCountry "WLS"]
[WhiteElo "1701"]
[WhiteRD "75"]
[BlackElo "1889"]
[BlackRD "71"]
[GameID "731468"]

1. d4 Nf6 2. Bg5 d5 3. Bxf6 gxf6 4. g3 c5 5. Bg2 Nc6 6. dxc5 e6 7. e3 Bxc5 8. Ne2 f5 9. a3 Qf6 10. Nbc3 Bd7
11. Qd2 Ne5 12. b4 Bb6 13. O-O Rc8 14. Nf4 Nc4 15. Qd3 Nxe3
0-1

[Event "Winters "]
[Site "SchemingMind.com"]
[Date "2023.02.15"]
[Round "-"]
[White "Stephen Dunning"]
[Black "abuteague"]
[Result "1-0"]
[WhiteCountry "WLS"]
[BlackCountry "USA"]
[WhiteElo "1889"]
[WhiteRD "71"]
[BlackElo "1701"]
[BlackRD "75"]
[GameID "731469"]

1. d4 Nf6 2. Bf4 d6 3. Nc3 c6 4. Nf3 e6 5. e4 Be7 6. Bd3 b5 7. a3 O-O 8. O-O Bb7 9. e5 dxe5 10. Nxe5 Bd6
11. Qf3 a6 12. Ne4 Nxe4 13. Bxe4 Bxe5 14. Bxe5 f5 15. Qg3 Nd7 16. Qxg7#
1-0